Signos y parábolas : semiótica y texto evangélico /

Obra escrita por un grupo de especialistas en semiótica y exégesis bíblica que se reunían periódicamente en Entrevernes, aldea próxima a Lyon, Francia, en el que aplican el método de investigación semiótica al análisis de algunos pasajes del Evangelio, en particular las parábolas y los relatos de lo...

詳細記述

保存先:
書誌詳細
団体著者: Grupo de Entrevernes
その他の著者: Geninsasca, Jacques (estudio) (estudio), Greimas, Algirdas Julien (epílogo) (epílogo)
フォーマット: 図書
言語:スペイン語
出版事項: Madrid, España : Ediciones Cristiandad, 1979, c1979
シリーズ:(Biblia y Lenguaje ; 6)
主題:
タグ: タグ追加
タグなし, このレコードへの初めてのタグを付けませんか!

MARC

LEADER 00000nam^a2200000^a^4500
001 000187829
005 20250521000000.0
009 20260310102317.44
020 |a 84-7057-265-2 
037 |a Acervo ITESO - Biblioteca 
041 |a ESP 
082 |a 226. 066  |b GRU 
110 |a Grupo de Entrevernes 
245 1 0 |a Signos y parábolas :  |b semiótica y texto evangélico /  |c Grupo de Entrevernes ; estudio de J. Geninsasca ; epílogo de A.J. Greimas ; tr. por Ivan Almeida. 
264 4 |a Madrid, España :  |b Ediciones Cristiandad,  |c 1979, c1979 
300 |a 254 p. 
336 |a texto  |b txt  |2 rdacontenido 
337 |a sin mediación  |b n  |2 rdamedio 
338 |a volumen  |b nc  |2 rdasoporte 
440 1 |a (Biblia y Lenguaje ;  |v 6) 
500 |a Traducción de: Signes et paraboles. Sémiotique et texte évangélique 
520 |a Obra escrita por un grupo de especialistas en semiótica y exégesis bíblica que se reunían periódicamente en Entrevernes, aldea próxima a Lyon, Francia, en el que aplican el método de investigación semiótica al análisis de algunos pasajes del Evangelio, en particular las parábolas y los relatos de los milagros de Jesús. 
649 |a XX 
650 |a Jesucristo -  |x Parábolas -  |x Tema Principal 
650 |a Jesucristo -  |x Milagros 
650 |a Biblia -  |x Nuevo Testamento -  |x Evangelios -  |x Historia y Crítica 
650 |a Análisis del Discurso 
650 |a Sintaxis 
650 |a Semiótica 
650 |a Lingüística 
650 |a Cristianismo 
650 |a Religión 
700 |a Geninsasca, Jacques  |e (estudio) 
700 |a Greimas, Algirdas Julien  |e (epílogo) 
910 |a Fondo General 
920 |a Impresos - Libros 
930 |a Colección General 
905 |a 101 
901 |a 0500130128  |b IT1  |c ACC  |u 20250521 
902 |a https://opac.biblio.iteso.mx/vufind/Record/000187829